Les Départements avec le plus de radars - Statistiques

Statistiques générales
  • Ce quiz a été pris 37 fois
  • Le résultat moyen est 15 sur 40
Statistiques - réponses
Départements Nombre de radars % Correct
4 Bouches-du-Rhône 73
74%
2 Nord 94
74%
- Rhône 45
58%
3 Yvelines 88
58%
- Alpes-Maritimes 52
55%
- Eure 45
55%
1 Oise 128
52%
3 Oise 15,41
52%
16 Essonne 46
48%
12 Hérault 50
48%
14 Loiret 47
48%
7 Val-d'Oise 56
48%
8 Var 52
48%
- Gard 57
45%
- Gironde 51
45%
- Loire-Atlantique 47
45%
10 Haute-Garonne 51
42%
13 Moselle 49
42%
11 Aube 10,93
39%
8 Charente 11,09
35%
12 Hautes-Alpes 10,59
32%
18 Orne 45
32%
2 Orne 16,29
32%
5 Landes 57
29%
5 Landes 13,30
29%
4 Tarn-et-Garonne 13,97
29%
19 Territoire de Belfort 9,28
29%
18 Alpes-de-Haute-Provence 9,57
26%
1 Haute-Marne 16,48
26%
6 Lot-et-Garonne 12,94
26%
7 Creuse 12,12
23%
- Hauts-de-Seine 46
23%
14 Indre 10,15
23%
20 Lozère 9,15
23%
16 Yonne 9,58
23%
13 Cher 10,35
16%
17 Corrèze 9,58
16%
15 Gers 9,86
16%
10 Martinique 11,08
13%
9 Cantal 11,08
10%
Aucun quiz correspondant
Distribution des résultats
% des personnes avec chaque résultat
Percentile par nombre de réponses
Votre historique - résultats
Vous n’avez pas pris ce quiz